<?xml version="1.0" encoding="UTF-8"?>
<record
    xmlns:xsi="http://www.w3.org/2001/XMLSchema-instance"
    xsi:schemaLocation="http://www.loc.gov/MARC21/slim http://www.loc.gov/standards/marcxml/schema/MARC21slim.xsd"
    xmlns="http://www.loc.gov/MARC21/slim">

  <leader>02189nam a2200397 a 4500</leader>
  <datafield tag="999" ind1=" " ind2=" ">
    <subfield code="c">357881</subfield>
    <subfield code="d">357881</subfield>
  </datafield>
  <controlfield tag="001">000000151834</controlfield>
  <controlfield tag="003">IT-MiSPE</controlfield>
  <controlfield tag="005">20180512174200.0</controlfield>
  <controlfield tag="008">130520s2013    it     | b   u00| u ita d</controlfield>
  <datafield tag="020" ind1=" " ind2=" ">
    <subfield code="a">9788845272943</subfield>
    <subfield code="c">25.00 EUR</subfield>
  </datafield>
  <datafield tag="040" ind1=" " ind2=" ">
    <subfield code="a">IT-MiSPE</subfield>
    <subfield code="b">ita</subfield>
    <subfield code="c">IT-MiSPE</subfield>
  </datafield>
  <datafield tag="041" ind1="1" ind2=" ">
    <subfield code="a">ita</subfield>
    <subfield code="a">eng</subfield>
    <subfield code="h">eng</subfield>
  </datafield>
  <datafield tag="082" ind1="0" ind2="4">
    <subfield code="a">180.1-JAE we cr (23159)</subfield>
  </datafield>
  <datafield tag="100" ind1="1" ind2=" ">
    <subfield code="9">40553</subfield>
    <subfield code="a">Jaeger, Werner</subfield>
    <subfield code="d">1888-1961</subfield>
    <subfield code="e">autore</subfield>
  </datafield>
  <datafield tag="240" ind1="1" ind2="0">
    <subfield code="a">Early Christianity and Greek paideia.</subfield>
    <subfield code="l">Italiano ed inglese.</subfield>
  </datafield>
  <datafield tag="245" ind1="1" ind2="0">
    <subfield code="a">Cristianesimo primitivo e paideia greca /</subfield>
    <subfield code="c">Werner Jaeger ; a cura di Alfredo Valvo ; traduzione di Silvano Boscherini ; saggi integrativi di Angela Maria Mazzanti, Alfredo Valvo, Lucio Troiani, Ysabel de Andia, Robert Somos, Domenico Pazzini, Giuseppe Fidelibus, Leonardo Luganeri, Giulio Maspero, Moreno Morani.</subfield>
  </datafield>
  <datafield tag="260" ind1=" " ind2=" ">
    <subfield code="a">Milano :</subfield>
    <subfield code="b">Bompiani,</subfield>
    <subfield code="c">2013.</subfield>
  </datafield>
  <datafield tag="300" ind1=" " ind2=" ">
    <subfield code="a">viii, 434 p. ;</subfield>
    <subfield code="c">22 cm.</subfield>
  </datafield>
  <datafield tag="490" ind1="1" ind2=" ">
    <subfield code="a">Il pensiero occidentale</subfield>
  </datafield>
  <datafield tag="504" ind1=" " ind2=" ">
    <subfield code="a">Bibliografia</subfield>
  </datafield>
  <datafield tag="546" ind1=" " ind2=" ">
    <subfield code="a">Trad. italiana con testo inglese a fronte.</subfield>
  </datafield>
  <datafield tag="655" ind1=" " ind2=" ">
    <subfield code="a">Filosofia antica</subfield>
    <subfield code="x">Saggi, vari. Ellenizzazione e cristianesimo</subfield>
    <subfield code="9">57181</subfield>
  </datafield>
  <datafield tag="700" ind1="1" ind2=" ">
    <subfield code="a">Valvo, Alfredo</subfield>
    <subfield code="9">81330</subfield>
    <subfield code="e">All'origine di Cristianesimo primitivo e paideia greca. Cristianesimo ed ellenizzazione</subfield>
  </datafield>
  <datafield tag="700" ind1="1" ind2=" ">
    <subfield code="9">51982</subfield>
    <subfield code="a">Mazzanti, Angela Maria</subfield>
    <subfield code="e">Introduzione</subfield>
  </datafield>
  <datafield tag="700" ind1="1" ind2=" ">
    <subfield code="a">Troiani, Lucio</subfield>
    <subfield code="e">Giudaismo, cristianesimo e grecit&#xE0;. "Ellenismo cristiano"</subfield>
    <subfield code="9">57182</subfield>
  </datafield>
  <datafield tag="700" ind1="1" ind2=" ">
    <subfield code="a">De Andia, Ysabel</subfield>
    <subfield code="e">"Apologie" et "dialogue" chez Justin: deux voies pour "rendre raison de l'esp&#xE9;rance" (1 P 3,15)</subfield>
    <subfield code="9">57183</subfield>
  </datafield>
  <datafield tag="700" ind1="1" ind2=" ">
    <subfield code="a">Somos, R&#xF3;bert</subfield>
    <subfield code="e">Paideia Christi</subfield>
    <subfield code="9">57184</subfield>
  </datafield>
  <datafield tag="700" ind1="1" ind2=" ">
    <subfield code="a">Fidelibus, Giuseppe</subfield>
    <subfield code="e">Fede ingenua e teologia: prospettive in Sant'Agostino</subfield>
    <subfield code="9">57185</subfield>
  </datafield>
  <datafield tag="700" ind1="1" ind2=" ">
    <subfield code="a">Lugaresi, Leonardo</subfield>
    <subfield code="e">Rileggendo Werner Jaeger: alcuni spuunti di riflessione su paideia, fede e conoscenza nel pensiero patristico tra III e IV secolo</subfield>
    <subfield code="9">57186</subfield>
  </datafield>
  <datafield tag="700" ind1="1" ind2=" ">
    <subfield code="a">Maspero, Giulio</subfield>
    <subfield code="e">Gregorio di Nissa: Eros e paideia cristiana</subfield>
    <subfield code="9">57187</subfield>
  </datafield>
  <datafield tag="700" ind1="1" ind2=" ">
    <subfield code="a">Morani, Moreno</subfield>
    <subfield code="e">Jaeger, Gregorio di Nissa, Nemesio. Divagazioni sul settimo capitolo</subfield>
    <subfield code="9">57188</subfield>
  </datafield>
  <datafield tag="830" ind1=" " ind2="0">
    <subfield code="a">Pensiero occidentale (Bompiani).</subfield>
    <subfield code="9">57130</subfield>
  </datafield>
  <datafield tag="942" ind1=" " ind2=" ">
    <subfield code="c">BK</subfield>
    <subfield code="2">ddc</subfield>
  </datafield>
  <datafield tag="952" ind1=" " ind2=" ">
    <subfield code="0">0</subfield>
    <subfield code="1">0</subfield>
    <subfield code="2">ddc</subfield>
    <subfield code="4">0</subfield>
    <subfield code="6">180_000000000000000_1JAE_WE_CR_23159</subfield>
    <subfield code="7">1</subfield>
    <subfield code="a">CINISELLO</subfield>
    <subfield code="b">CINISELLO</subfield>
    <subfield code="d">2018-05-12</subfield>
    <subfield code="l">0</subfield>
    <subfield code="o">180.1-JAE we cr (23159)</subfield>
    <subfield code="p">9788845272943</subfield>
    <subfield code="r">2018-05-12 00:00:00</subfield>
    <subfield code="w">2018-05-12</subfield>
    <subfield code="y">BK</subfield>
  </datafield>
</record>
